1486 1173 1181 1933 1190 1658 1387 1736 1783 1919 1730 1836 1848 1133 1955 1667 1645 1930 1302 1089 1121 1715 1540 1051 1639 1110 1306 1837 1511 1063 1120 1906 1571 1593 1699 1366 1428 1328 1531 1291 1350 1538 1347 1810 1345 1323 1603 1231 1065 1046 1506 1583 1493 1902 1291 1193 1595 1297 1106 1801 1979 1917 1354 1756 1973 1182 1214 1412 1677 1731 1507 1609 1656 1043 1011 1213 1969 1573 1278 1742 1129 1729 1690 1050 1455 1335 1706 1063 1849 1123 1953 1852 1467 1244 1752 1997 1911 1225 1867 BCNSPRNW ULIB Ver.6.0+V

เปลี่ยนเป็นภาษาไทย

Change to English
 แสดงรายละเอียดบรรณานุกรม
  กลับหน้าหลัก

Brief Record : Get Marc (ISO 2709) : E-mail record : QR code < ปิดหน้าต่าง
LEADER : 00000nam 2200000uu 4500
001    13399112310
003     ULIB
008    110627s2551||||th 000 0 tha d
020    9789741364242
090    นว.^bน283ร 2551
100 0  นลัท
245 00 ร้าย...ด้วยรัก/^cนลัท
250    พิมพ์ครั้งที่ 1
260    กรุงเทพฯ :^bแจ่มใส,^c2551
300    179 หน้า
710 1  แจ่มใส
945    ^p139^l0^i026775
995    ทศพร
999 ^a ใช้งานได้ทุกระบบ
รายการนี้ยังไม่มีแท็ก
คุณยังไม่ได้ล็อกอิน คุณสามารถมีกิจกรรมร่วมกับเว็บไซต์ได้ แต่ต้องล็อกอินก่อน ::
  ล็อกอิน

รายการสื่อสารสนเทศ

ลำดับที่ ประเภท เลขเรียก/บาร์โค้ด สถานที่ สถานะ
- ไม่พบข้อมูล -

รายการใกล้เคียง
    ผู้แต่ง [นลัท]

BibComment


ยังไม่เคยถูกคอมเมนท์

คอมเมนท์ทรัพยากรรายการนี้
  คอมเมนท์: ร้ายด้วยรัก นลัท


 Copyright 2026. Bcnsprnw @Library